| 000 | 00589nam a2200217 i 4500 | ||
|---|---|---|---|
| 020 | _a0026427990 | ||
| 040 | _cDLC | ||
| 082 | _a305 KEL 2000 C284 Or. | ||
| 100 | 1 | 0 | _aKelly, Joan |
| 245 | 1 | 0 | _aToday's teen / |
| 260 | 0 |
_aPeoria, Ill. : _bC. A. Bennett Co., _cc2000 |
|
| 300 |
_a442 p. : _bill. ; _c24 cm |
||
| 500 | _a$8.70 | ||
| 500 | _aSecondary | ||
| 520 | _aFocuses on helping students understanding themselves and others | ||
| 650 | 0 | _aHome economics | |
| 650 | 0 | _aFamily life education | |
| 700 | 1 | 0 | _aEubanks, Eddye |
| 710 | 2 | 1 | _aChas. A. Bennett Company |
| 942 | _cAEDBB | ||
| 999 |
_c22403 _d22403 |
||